The Effect of Consolidation Stress on Strength and Elastic Properties of Saturated Low Compressible Soils (Record no. 551434)

000 -LEADER
fixed length control field 00483nam a22001457a 4500
082 ## - DEWEY DECIMAL CLASSIFICATION NUMBER
Classification number T-105
100 ## - MAIN ENTRY--PERSONAL NAME
Personal name Bashir Ahmed Hassan
9 (RLIN) 48516
245 ## - TITLE STATEMENT
Title The Effect of Consolidation Stress on Strength and Elastic Properties of Saturated Low Compressible Soils
Statement of responsibility, etc. Bashir Ahmed Hassan
260 ## - PUBLICATION, DISTRIBUTION, ETC.
Place of publication, distribution, etc. Risalpur
Name of publisher, distributor, etc. MCE
Date of publication, distribution, etc. 17-03-2001
300 ## - PHYSICAL DESCRIPTION
Extent XII, 106 p.:
526 ## - STUDY PROGRAM INFORMATION NOTE
Program name 0
Interest level 0
Reading level 0
Title point value T_105
650 ## - SUBJECT ADDED ENTRY--TOPICAL TERM
Topical term or geographic name entry element Thesis
9 (RLIN) 34811
700 ## - ADDED ENTRY--PERSONAL NAME
Personal name Lt Col Nasrullah Abeer, PhD (USA)
9 (RLIN) 48517
942 ## - ADDED ENTRY ELEMENTS (KOHA)
Source of classification or shelving scheme
Koha item type Book
Holdings
Withdrawn status Lost status Source of classification or shelving scheme Damaged status Not for loan Permanent Location Current Location Date acquired Total Checkouts Full call number Barcode Date last seen Price effective from Koha item type Public note
          Military College of Engineering (MCE) Military College of Engineering (MCE) 12/12/2014   T-105 MCE-T-105 12/12/2014 12/12/2014 Book Thesis
© 2023 Central Library, National University of Sciences and Technology. All Rights Reserved.